000 00194nam a2200073Ia 4500
999 _c8352
_d8352
003 OSt
005 20190515112020.0
008 170524s9999 xx 000 0 und d
040 _cIIMT UNIVERSITY
100 _aMALOHTRA NARESH KUMAR
245 0 _aREVIEW OF MARKETING RESEARCH
260 _bnew delhi : Sultan chand
300 _a240
942 _2ddc
_c02